|
|
|
|
| LEADER |
01151nab#a2200397#ar4500 |
| 001 |
000104449 |
| 003 |
SVKKK |
| 005 |
20110323160325.0 |
| 008 |
110118c2010 xo |||||||||||||||b|slo |
| FMT |
|
|
|
| 015 |
|
|
|a SNBRB2011/03
|
| 038 |
|
|
|a SVKKK
|
| 040 |
|
|
|a SVKKK
|b slo
|e AACR2
|
| 041 |
0 |
|
|a slo
|
| 044 |
|
|
|a xo
|c SK
|
| 080 |
|
|
|a 281.94
|x (437.6)
|2 1997
|
| 080 |
|
|
|a 291.37
|x (437.6)
|2 1997
|
| 100 |
1 |
|
|a Petrík, Ľubomír
|4 aut
|
| 245 |
1 |
X |
|a 20 rokov putovania
|c Ľubomír Petrík
|
| 246 |
3 |
|
|a Dvadsať rokov putovania
|
| 300 |
|
|
|b Fotogr.
|
| 610 |
2 |
4 |
|a Gréckokatolícka cirkev (Slovensko)
|
| 650 |
0 |
4 |
|a archieparchiálne odpustové slávnosti
|y 7.-8.8.2010
|z Zvir (Litmanová, Slovensko)
|
| 651 |
|
4 |
|a Zvir (Litmanová, Slovensko : pútnické mariánske miesto)
|x mariánske zjavenia
|x 20. výročie
|
| 655 |
# |
4 |
|a náboženstvo
|
| 773 |
0 |
|
|t Slovo : časopis gréckokatolíckej cirkvi
|g Roč. 42, č. 18-19 (2010), s. 8-9
|x 1335-7492
|
| 958 |
|
|
|a NT
|
| 974 |
|
|
|a MI
|
| 992 |
|
|
|a RBX
|
| BAS |
|
|
|
| BAS |
|
|
|
| 852 |
|
|
|a SVKKK
|b BIB
|
| 856 |
4 |
|
|u http://slovo.grkatpo.sk/Slovo/1018.pdf
|
| EXP |
|
|
|
| 998 |
|
|
|a SLO
|
| 998 |
|
|
|a SLO
|